Statistics for Pi Digits #10 901-1000

Click here to take the quiz!

General Stats

  • This quiz has been taken 127 times
  • The average score is 15 of 20

Answer Stats

Digits% Correct
59825
100%
34904
89%
28755
79%
46873
79%
11595
74%
13001
74%
17122
74%
18577
74%
37875
74%
62863
74%
68066
74%
80532
74%
88235
74%
93751
74%
95778
74%
01989
63%
21642
63%
66111
63%
92787
63%
95909
63%

Score Distribution

Percentile by Number Answered

Percent of People with Each Score

Your Score History

You have not taken this quiz